000 00972nmm a2200289 a 4500
001 ocm0001221731
003 TR-IsHL
005 20201028155138.0
008 110704s2002 tu tur
007 cr cn
020 _a9789755126593
035 _a1221731
_b(N$T)
050 0 4 _aHF5548.34
_b.M63 2002
090 0 4 _aHF5548.34
_b.M63 2002
245 1 0 _aMobil ticaret rehberi
_h[electronic resource] /
_chaz. İbrahim Kırçova
260 _aİstanbul :
_bİstanbul Ticaret Odası,
_c2002
300 _a136 p.
650 4 _aEkonomi ve Finans
650 4 _aEconomics and Finance
650 0 _aMobil ticaret
650 0 _aMobile commerce
650 0 _aElektronik ticaret
650 0 _aElectronic commerce
650 7 _aBUSINESS & ECONOMICS / E-Commerce / General (see alsoCOMPUTERS / Electronic Commerce)
_2bisacsh
700 1 _aKırcova, İbrahim
856 4 0 _uhttp://search.ebscohost.com/login.aspx?direct=true&scope=site&db=e011xww&AN=1221731
999 _c12938
_d12938